computational genetics (Record no. 17361)

000 -LEADER
fixed length control field 00310nam a22001337a 4500
003 - CONTROL NUMBER IDENTIFIER
control field NUST
005 - DATE AND TIME OF LATEST TRANSACTION
control field 20190405060319.0
008 - FIXED-LENGTH DATA ELEMENTS--GENERAL INFORMATION
fixed length control field 150916t xxu||||| |||| 00| 0 eng d
038 ## - RECORD CONTENT LICENSOR
Staff Name ASAB
082 ## - DEWEY DECIMAL CLASSIFICATION NUMBER
Classification number 576
100 ## - MAIN ENTRY--PERSONAL NAME
Personal name Rajiv Tyagi
9 (RLIN) 12791
245 ## - TITLE STATEMENT
Title computational genetics
Statement of responsibility, etc. by Rajiv Tyagi
942 ## - ADDED ENTRY ELEMENTS (KOHA)
Source of classification or shelving scheme
Koha item type Book
Holdings
Withdrawn status Lost status Source of classification or shelving scheme Damaged status Not for loan Permanent Location Current Location Date acquired Total Checkouts Full call number Barcode Date last seen Date last checked out Price effective from Koha item type
          Central Library (CL) Central Library (CL) 09/16/2015 2 576 TAY ASAB1790 08/31/2016 06/02/2016 09/16/2015 Book
© 2023 Central Library, National University of Sciences and Technology. All Rights Reserved.